Maharashtra state gazetteers: Bhandara (Record no. 487046)

000 -LEADER
fixed length control field 00355cam a22001217a 4500
008 - FIXED-LENGTH DATA ELEMENTS--GENERAL INFORMATION
fixed length control field 180718b1979 xxu||||| |||| 00| 0 eng d
082 ## - DEWEY DECIMAL CLASSIFICATION NUMBER
Classification number A75 M278BH
245 ## - TITLE STATEMENT
Title Maharashtra state gazetteers: Bhandara
Statement of responsibility, etc. edited by B.G. Kunte
260 ## - PUBLICATION, DISTRIBUTION, ETC.
Place of publication, distribution, etc. Bombay
Name of publisher, distributor, etc. Gazetteers Department
Date of publication, distribution, etc. 1979
300 ## - PHYSICAL DESCRIPTION
Extent 861+p.
500 ## - GENERAL NOTE
General note Library has 1927, 1979
700 ## - ADDED ENTRY--PERSONAL NAME
Personal name Kunte, B.G.
Holdings
Withdrawn status Lost status Damaged status Not for loan Permanent Location Current Location Date acquired Full call number Barcode Date last seen Price effective from Koha item type
        Indian Institute of Public Administration Indian Institute of Public Administration 2018-08-04 A75 M278BH GG18340 2018-08-04 2018-08-04 GG

Powered by Koha